000
00363nam a2200133Ia 4500
008
151001s9999||||xx |||||||||||||| ||und||
100
_a
सौरभ इंदुरखा
245
_a
आओ प्रयोग करे
250
_a
1
260
_b
बिंदिया प्रकाशन
260
_c
2008
300
_a
64
365
_b
21
999
_c
992720
_d
992717